Urlo & Kaddish /

Guardat en:
Dades bibliogràfiques
Autor principal: Ginsberg, Allen (Autor)
Altres autors: Fontana, Luca, (1944- )
Format: Llibre
Idioma:italià
anglès
Publicat: Milano : Il saggiatore, \1997!
Col·lecció:Scritture ; 48
Etiquetes: Afegir etiqueta
Sense etiquetes, Sigues el primer a etiquetar aquest registre!

MARC

LEADER 00000nam a2200000 i 4500
001 IT\ICCU\RAV\0293087
003 ItRI
005 20260218114325.0
008 970506s1997 it |||||| ||||| |||||c
015 |2 IT  |a 98-4425 
020 |a 8842806501 
040 |b ita  |c GP 
041 7 |a ita  |a eng  |2 ISO-639-2 
082 |a 811.54  |2 20 
100 1 |a Ginsberg, Allen  |0 IT\ICCU\RAVV\027487  |4 aut 
245 1 0 |a Urlo & Kaddish /  |c Allen Ginsberg ; a cura di Luca Fontana. 
246 1 3 |a Urlo e Kaddish. 
260 |a Milano :  |b Il saggiatore,  |c \1997! 
300 |a 126 p. ;  |c 17 cm 
500 |a Tit. orig.: Howl, Kaddish 
500 |a Trad. italiana a fronte di L. Fontana. 
700 1 |a Fontana, Luca,  |d  (1944- )  |0 IT\ICCU\RAVV\017316 
777 1 |w IT\ICCU\RAV\0293093  |t Urlo.  |a Ginsberg, Allen 
777 1 |w IT\ICCU\RAV\0293097  |t Kaddish.  |a Ginsberg, Allen 
830 0 |a Scritture ;  |v 48  |0 IT\ICCU\RAV\0051104 
942 |2 ddc  |c BK 
952 |0 0  |1 0  |2 ddc  |4 0  |6 811_540000000000000_GIN  |7 1  |9 854  |a RM  |b RM  |d 2024-03-05  |l 0  |o 811.54 GIN  |p 395  |r 2024-03-05 18:14:15  |w 2024-03-05  |y BK 
952 |0 0  |1 0  |4 0  |6 DOC_811_540000000000000_GIN  |7 0  |9 15812  |a BO  |b BO  |d 2026-01-15  |i 3884  |l 0  |o DOC 811.54 GIN  |p BO3884  |r 2026-01-15 23:19:10  |w 2026-01-15  |x [Sebina 5] [1 v.]  |y BK  |z 1 v. 
999 |c 810  |d 810